|
|
|
|
| LEADER |
00979nam a2200205 a 4500 |
| 008 |
090419s19981975ii a 001 0 eng d |
| 020 |
|
|
|a 8120412524 (pbk. : alk. paper)
|
| 082 |
0 |
0 |
|a 337
|2 21
|
| 100 |
1 |
|
|a Vaish M.C.
|
| 245 |
1 |
0 |
|a Internatinal Economics /
|c M.C.Vaish, Sudama Sing
|
| 260 |
|
|
|a New Delhi,India :
|b Oxford and IBH Publishing.,
|c 1998
|
| 300 |
|
|
|a xii,464 p. ;
|c 26 cm.
|
| 504 |
|
|
|a Includes index
|
| 541 |
1 |
|
|e 00008176
|
| 650 |
|
0 |
|a International Economics Relations.
|
| 700 |
1 |
|
|a Sing, Sudama
|
| 852 |
4 |
|
|a Ayesha Abed Library
|j General shelf
|
| 999 |
|
|
|c 5350
|d 5350
|
| 952 |
|
|
|0 0
|1 0
|2 ddc
|4 0
|6 337_VAI_199800000000000
|7 0
|9 5212
|a BRACUL
|b BRACUL
|c GEN
|d 2009-11-10
|g 0.00
|l 1
|m 4
|o 337 VAI
|p 3010008176
|r 2011-07-19
|s 2011-06-14
|t 1
|w 2009-11-10
|y BK
|x No price found in the accession register.
|
| 952 |
|
|
|0 0
|1 0
|2 ddc
|4 0
|6 337_VAI_199800000000000
|7 0
|9 5213
|a BRACUL
|b BRACUL
|c GEN
|d 2009-11-10
|g 0.00
|l 0
|o 337 VAI
|p 3010008175
|r 2009-11-10
|t 2
|w 2009-11-10
|y BK
|x No price found in the accession register.
|